000 00891nam a22002537a 4500
003 DO-SdBNP
005 20211022145915.0
007 ta
008 210628e1996 dr ||||gr|||| 00| 0 spa d
040 _aDO-SdBNP
_bspa
_cBNPHU
082 4 _222
_bC39787e
110 2 _956448
_aCentro Nacional de Investigaciones en Salud Materno Infantil (República Dominicana)
245 0 3 _aLa hepatitis infecciosa aguda y su repercusión en la salud materno-infantil /
_ceditores Eddy Pérez, Jeannete Báez, Claudia Bautista
260 _aSanto Domingo :
_bCENISMI,
_c1996.
300 _a[11 p. ];
_c27 cm.
490 1 _aReuniones Ténicas 1996
_v1
590 _aInventariado 2021 / MF
700 1 2 _956333
_aPérez, Eddy,
_eed.
700 1 2 _956613
_aBáez, Jeannette,
_eed.
700 1 2 _aBautista, Claudia,
_eed.
_956331
830 0 _aReuniones Ténicas 1996
_979019
_n1
910 _aMF
942 _2ddc
_cLF2
999 _c50011
_d50011